The Practice of the Presence of God / (Record no. 350)
[ view plain ]
| 000 -LEADER | |
|---|---|
| fixed length control field | 01194nmm a2200349Ka 4500 |
| 001 - CONTROL NUMBER | |
| control field | 1GUT5657 |
| 003 - CONTROL NUMBER IDENTIFIER | |
| control field | OSt |
| 005 - DATE AND TIME OF LATEST TRANSACTION | |
| control field | 20190319202619.0 |
| 006 - FIXED-LENGTH DATA ELEMENTS--ADDITIONAL MATERIAL CHARACTERISTICS | |
| fixed length control field | m || d | |
| 007 - PHYSICAL DESCRIPTION FIXED FIELD--GENERAL INFORMATION | |
| fixed length control field | cr ||||||||||| |
| 008 - FIXED-LENGTH DATA ELEMENTS--GENERAL INFORMATION | |
| fixed length control field | 040501r2004||||utu eng d |
| 020 ## - INTERNATIONAL STANDARD BOOK NUMBER | |
| International Standard Book Number | 1557484236 |
| 040 ## - CATALOGING SOURCE | |
| Modifying agency | OKeU |
| -- | UtOrBLW |
| Transcribing agency | DLC |
| 042 ## - AUTHENTICATION CODE | |
| Authentication code | dc |
| 082 ## - DEWEY DECIMAL CLASSIFICATION NUMBER | |
| Classification number | 248 |
| Item number | L419P |
| 090 ## - LOCALLY ASSIGNED LC-TYPE CALL NUMBER (OCLC); LOCAL CALL NUMBER (RLIN) | |
| Classification number (OCLC) (R) ; Classification number, CALL (RLIN) (NR) | BX |
| 100 ## - MAIN ENTRY--PERSONAL NAME | |
| Personal name | Lawrence, Brother |
| 245 04 - TITLE STATEMENT | |
| Title | The Practice of the Presence of God / |
| Statement of responsibility, etc. | by Lawrence |
| 264 #1 - PRODUCTION, PUBLICATION, DISTRIBUTION, MANUFACTURE, AND COPYRIGHT NOTICE | |
| Place of production, publication, distribution, manufacture | Salt Lake City : |
| Name of producer, publisher, distributor, manufacturer | Project Gutenberg Literary Archive Foundation, |
| Date of production, publication, distribution, manufacture, or copyright notice | 2004 |
| 336 ## - CONTENT TYPE | |
| Content type term | computer program |
| Content type code | cop |
| Source | rdacontent |
| 337 ## - MEDIA TYPE | |
| Media type term | computer |
| Media type code | c |
| Source | rdamedia |
| 338 ## - CARRIER TYPE | |
| Carrier type term | online resource |
| Carrier type code | cr |
| Source | rdacarrier |
| 500 ## - GENERAL NOTE | |
| General note | Record generated from Project Gutenberg RDF data |
| 500 ## - GENERAL NOTE | |
| General note | Electronic resource |
| 540 ## - TERMS GOVERNING USE AND REPRODUCTION NOTE | |
| Terms governing use and reproduction | Copyrighted work. See license inside work |
| 650 #0 - SUBJECT ADDED ENTRY--TOPICAL TERM | |
| Topical term or geographic name entry element | Christian life |
| General subdivision | Catholic authors |
| 700 1# - ADDED ENTRY--PERSONAL NAME | |
| Personal name | Lawrence, of the Resurrection, Brother, |
| Dates associated with a name | 1610?-1691 |
| 710 2# - ADDED ENTRY--CORPORATE NAME | |
| Corporate name or jurisdiction name as entry element | Project Gutenberg |
| 856 40 - ELECTRONIC LOCATION AND ACCESS | |
| Public note | Connect to resource. |
| Uniform Resource Identifier | <a href="http://www.gutenberg.org/etext/5657">http://www.gutenberg.org/etext/5657</a> |
| 856 40 - ELECTRONIC LOCATION AND ACCESS | |
| Public note | Connect to resource. |
| Uniform Resource Identifier | <a href="http://www.gutenberg.org/cache/epub/5657/pg5657.epub">http://www.gutenberg.org/cache/epub/5657/pg5657.epub</a> |
| Materials specified | (EPUB version) |
| 942 ## - ADDED ENTRY ELEMENTS (KOHA) | |
| Source of classification or shelving scheme | Dewey Decimal Classification |
| Koha item type | Books |
No items available.
